Famous People in the World of Psychedelics - Statistics

General Stats
  • This quiz has been taken 48 times
  • The average score is 6 of 17
Answer Stats
Life Hint Person % Correct
1967– Popular podcast host who supports the use of DMT and other psychedelics Joe Rogan
60%
1916– 2004 It is claimed that an LSD experience helped him decode the double helix Francis Crick
56%
1946–2006 Original Pink Floyd frontman known for his heavy use of psychedelics Syd Barrett
56%
1926–1997 Beat poet of "Howl" who promoted LSD use Allen Ginsberg
53%
1920–1996 "The most dangerous man in America"; promoted "turn on, tune in, drop out" Timothy Leary
51%
1894–1963 Author of The Doors of Perception who used mescaline and LSD Aldous Huxley
47%
1935–2001 Author of One Flew Over the Cuckoo's Nest who led the Merry Pranksters Ken Kesey
47%
1906– 2008 Swiss chemist who discovered LSD at Sandoz Laboratories Albert {Hofmann}
42%
1946–2000 Ethnobotanist who wrote Food of the Gods and True Hallucinations Terence {McKenna}
37%
1930–2018 Writer of The Electric Kool-Aid Acid Test Tom Wolfe
26%
1925–2014 Researcher of psychoactive compounds who wrote PiKHAL and TiKHAL Alexander {Shulgin}
21%
1955– Journalist who wrote How to Change Your Mind Michael {Pollan}
21%
1931–2019 Spiritual teacher and guru who wrote Be Here Now Ram Dass
19%
1953– Psychedelic artist of Tool album covers and the founder of CoSM Alex {Grey}
16%
1925–1998 Wrote The Teachings of Don Juan: A Yaqui Way of Knowledge Carlos Castaneda
16%
1953– Founder of the Multidisciplinary Association for Psychedelic Studies (MAPS) Rick {Doblin}
9%
1952– The author of DMT: The Spirit Molecule Rick {Strassman}
9%
No matching quizzes found
Score Distribution
Percent of People with Each Score
Percentile by Number Answered
Your Score History
You have not taken this quiz